000
00319nam a2200133Ia 4500
999
_c
152926
_d
152926
020
_a
8120407326
082
_a
657.97
_b
KRI/CO
100
_a
Krishnaswami, O R
245
_a
Cooperative audit
260
_b
Oxford & IBH publishing co pvt ltd
_a
New Delhi
_c
1992
300
_a
416
546
_a
English
942
_c
BK
_2
ddc